1846 1284 1226 1459 1601 1021 1428 1201 1296 1972 1940 1343 1286 1230 1409 1300 1208 1644 1961 1556 1081 1518 1032 1569 1375 1379 1539 1640 1654 1830 1469 1318 1716 1112 1064 1237 1246 1655 1474 1608 1764 1162 1709 1128 1673 1426 1088 1820 1705 1480 1601 1915 1472 1126 1793 1794 1723 1860 1759 1794 1946 1574 1964 1839 1326 1438 1036 1774 1922 1453 1636 1270 1203 1790 1117 1394 1804 1097 1361 1436 1255 1614 1226 1799 1288 1862 1500 1282 1260 1666 1656 1440 1027 1226 1474 1076 1536 1020 1077 BCNSPRNW ULIB Ver.6.0+V

เปลี่ยนเป็นภาษาไทย

Change to English
 แสดงรายละเอียดบรรณานุกรม
  กลับหน้าหลัก

Brief Record : Get Marc (ISO 2709) : E-mail record : QR code < ปิดหน้าต่าง
LEADER : 00000nam 2200000uu 4500
001    13399113567
003     ULIB
008    111128s2551||||th 000 0 tha d
020    ^a9789740502135
090    ^aนว.^bง281อ 2551
100 0  ^aเงาตะวัน
245 00 ^aอามิเรร่าธิดาแห่งธีบิส/^cเงาตะวัน
250    ^aพิมพ์ครั้งที่ 1
260    ^aกรุงเทพฯ :^bลีลา,^c2551
300    ^a294 หน้า
710 1  ^aลีลา
945    ^p200^l0^i15037
995    ^aกัณชพร
999    ^aใช้งานได้ทุกระบบ
รายการนี้ยังไม่มีแท็ก
คุณยังไม่ได้ล็อกอิน คุณสามารถมีกิจกรรมร่วมกับเว็บไซต์ได้ แต่ต้องล็อกอินก่อน ::
  ล็อกอิน

รายการสื่อสารสนเทศ

ลำดับที่ ประเภท เลขเรียก/บาร์โค้ด สถานที่ สถานะ
1. วิทยาศาสตร์การแพทย์ และสุขภาพ
วิทยาศาสตร์การแพทย์ และสุขภาพ
นว. ง281อ 2551  
  Barcode: 15037
ห้องสมุดวิทยาเขตสวรรค์ประชารักษ์
►นวนิยาย
บนชั้น
  ขอยืม

รายการใกล้เคียง
    ผู้แต่ง [เงาตะวัน]

BibComment


ยังไม่เคยถูกคอมเมนท์

คอมเมนท์ทรัพยากรรายการนี้
  คอมเมนท์: อามิเรร่าธิดาแห่..


 Copyright 2026. Bcnsprnw @Library